| 000 | 00728nam a2200181Ia 4500 | ||
|---|---|---|---|
| 003 | GCL | ||
| 008 | 140319s9999 xx 000 0 ara d | ||
| 040 |
_aGCL / _cGCL |
||
| 082 | 0 | 4 |
_a813.009 _bم م |
| 245 | 1 | 0 |
_aملخصات ابحاث ملتقى القاهرة الثانى للابداع الروائى العربى : _bالراوية والمدينة ( دورة ادوارد سعيد ) |
| 260 |
_aالقاهرة : _bالمجلس الاعلى للثقافة ، _c2003 |
||
| 300 |
_a232 ص ؛ _c32 سم |
||
| 650 | 0 | 4 | _aقصص الاطفال |
| 650 | 0 | 4 | _aالقصص العربية - مصر |
| 650 | 0 | 4 | _aالقصة - الطرق الفنية |
| 650 | 0 | 4 | _aالقصص العربية - تاريخ ونقد |
| 942 |
_2ddc _cBK |
||
| 999 |
_c32760 _d32760 |
||